| 000 | 00339nam a2200145Ia 4500 | ||
|---|---|---|---|
| 100 | _aGlisson/Tildon/ Jr | ||
| 942 | _cRB | ||
| 366 | _f25 | ||
| 654 | _acircuit analysis | ||
| 245 | _aIntroduction to circuit analysis and design | ||
| 260 |
_bSpringer _c2011 |
||
| 082 |
_a621.3815 _bGLI |
||
| 300 | _a768 | ||
| 546 |
_aENGLISH _cPAMPHALETS |
||
| 999 |
_c24059 _d24059 |
||